| 000 | 01387nam a22002297a 4500 | ||
|---|---|---|---|
| 001 | 8192 | ||
| 003 | FISKH | ||
| 005 | 20250901154354.0 | ||
| 008 | 250901b cb ||||| |||| 00| 0 eng d | ||
| 020 | _a9781597071673 | ||
| 040 |
_aFISKH _beng _cFISKH _dFISKH |
||
| 082 | _a 741.5 | ||
| 100 | _aFarshtey, Greg | ||
| 245 |
_aBionicle, Volumn 7: _bRealm of fear / _cWriter : Greg Farshtey ; Artist Christian Zanier |
||
| 260 |
_aNew York : _bPapercutz, _c2000. |
||
| 300 |
_a72 pages : _bcolor illustrations ; _c20 cm |
||
| 520 | _aToa Mahri Matora has been forced to sacrifice himself in order to save the great spirit Mata Nui, and the remaining Toa are in discord as a result. Mata Nui remains asleep, the world in disarray, and the Toa are left stuck in a swamp, planning their next move against the Makuta and trying to discover a way to awaken the great spirit Mata Nui. The Mask of Light, meanwhile, has taken on a life of its own as its true power has not yet been discovered. The mask becomes an entity all its own, andinstead of creating new guardians decides to guard itself, transforming into the powerful Toa Ignkika! Now, the Toa must team up with the Toa Ignika to awaken Mata Nui, and face dangers beyond anything they've seen before. | ||
| 650 |
_aJuvenile Literature _vFiction |
||
| 700 |
_aZanier, Christian _eillustrator |
||
| 942 |
_2ddc _cBK _n0 |
||
| 999 |
_c8192 _d8192 |
||